| 000 | 00000nam##2200000za#4500 |
| 001 | 9.644099 |
| 003 | CaOODSP |
| 005 | 20210624224503 |
| 007 | cr ||||||||||| |
| 008 | 150407|1993||||xxc|||||o f|0| 0 fre|d |
| 040 | |aCaOODSP|bfre |
| 043 | |an-cn--- |
| 086 | 1 |aPS4-193/1993F-PDF |
| 110 | 1 |aCanada.|bProtection civile Canada. |
| 245 | 10|aBase de données des désastres de PCC issue de la base de données des désastres du CRED |h[ressource électronique] |
| 260 | |aOttawa - Ontario : |bProtection civile Canada |c[15 janvier 1993]. |
| 300 | |a78p.|btableaux |
| 546 | |a(Chiefly French, with title and introductory material in English). |
| 590 | |a14-22-Supp|b2014-12-24 |
| 775 | 08|tEPC Disaster Database developed from CRED Disaster Database |w(CaOODSP)9.700191 |
| 856 | 40|ahttp://publications.gc.ca|qPDF|s1.59 Mo|uhttps://publications.gc.ca/collections/collection_2014/sp-ps/PS4-193-1993-fra.pdf |